000 00426nam a22001697a 4500
005 20180810112300.0
008 160624b xxu||||| |||| 00| 0 eng d
020 _a0-07-053079-3
041 _aeng
082 _b9922
_a658.3
100 _aBernadin, H. John
_92683
245 _aHuman Resource Management:an experiantial approach
260 _bTMH
_c2003
_adelhi
300 _a562p,
650 _aManagement
_9241
942 _cBK
999 _c3865
_d3864